Shooting water : (Record no. 234554)
[ view plain ]
| 000 -LEADER | |
|---|---|
| fixed length control field | 00822cam a22002294a 4500 |
| 001 - CONTROL NUMBER | |
| control field | 14161860 |
| 003 - CONTROL NUMBER IDENTIFIER | |
| control field | Nust |
| 005 - DATE AND TIME OF LATEST TRANSACTION | |
| control field | 20170322170136.0 |
| 008 - FIXED-LENGTH DATA ELEMENTS--GENERAL INFORMATION | |
| fixed length control field | 051109s2005 oncab 000 0 eng |
| 010 ## - LIBRARY OF CONGRESS CONTROL NUMBER | |
| LC control number | 2005482880 |
| 020 ## - INTERNATIONAL STANDARD BOOK NUMBER | |
| International Standard Book Number | 9780144001026 |
| 035 ## - SYSTEM CONTROL NUMBER | |
| System control number | (CaONFJC)ct0348393 |
| 040 ## - CATALOGING SOURCE | |
| Original cataloging agency | DLC |
| Transcribing agency | DLC |
| Modifying agency | DLC |
| 042 ## - AUTHENTICATION CODE | |
| Authentication code | pcc |
| 082 ## - DEWEY DECIMAL CLASSIFICATION NUMBER | |
| Classification number | 823 |
| Author Mark | SAL |
| 100 1# - MAIN ENTRY--PERSONAL NAME | |
| Personal name | Saltzman, Devyani, |
| Dates associated with a name | 1979- |
| 245 10 - TITLE STATEMENT | |
| Title | Shooting water : |
| Remainder of title | a mother-daughter journey and the making of a film / |
| Statement of responsibility, etc. | Devyani Saltzman ; [afterword by Deepa Mehta]. |
| 260 ## - PUBLICATION, DISTRIBUTION, ETC. | |
| Place of publication, distribution, etc. | Toronto, Ont. : |
| Name of publisher, distributor, etc. | Key Porter Books, |
| Date of publication, distribution, etc. | 2005. |
| 300 ## - PHYSICAL DESCRIPTION | |
| Extent | 256 p., [8] p. of plates : |
| Other physical details | ill., maps ; |
| Dimensions | 21 cm. |
| 906 ## - LOCAL DATA ELEMENT F, LDF (RLIN) | |
| a | 0 |
| b | ibc |
| c | origres |
| d | 2 |
| e | ncip |
| f | 20 |
| g | y-gencatlg |
| 942 ## - ADDED ENTRY ELEMENTS (KOHA) | |
| Source of classification or shelving scheme | |
| Koha item type | Book |
| Withdrawn status | Lost status | Source of classification or shelving scheme | Damaged status | Not for loan | Permanent Location | Current Location | Shelving location | Date acquired | Total Checkouts | Full call number | Barcode | Date last seen | Date last checked out | Copy number | Price effective from | Koha item type |
|---|---|---|---|---|---|---|---|---|---|---|---|---|---|---|---|---|
| Central Library (CL) | Central Library (CL) | Fiction | 03/22/2017 | 1 | 791.4372 SAL | CL1725 | 12/10/2018 | 12/10/2018 | 1 | 03/22/2017 | Book |
